000 00545nam a22001937a 4500
003 OSt
005 20210423055245.0
008 210223s1964 ||||| |||| 00| 0 eng d
040 _aeng
_beng
_cDLC
041 _aeng
080 _a821.111
_bW-80
100 _91081
_aWodehouse, G., P.
245 _aMoney in the Bank
_c/ by: Penguin Books
260 _aVictoria, Australia
_bPenguin Books
_c1964
300 _a239 p.
650 0 _9254
_aEnglish literature
653 _aინგლისური ლიტერატურა
942 _2udc
_cBK
999 _c1670
_d1670